Dawning answers : how the HIV/AIDS epidemic has helped to strengthen public health /

Bibliographic Details
Other Authors: Valdiserri, Ronald O., 1951-
Format: Book
Language:English
Published: Oxford ; New York : Oxford University Press, c2003.
Subjects:
Classic Catalogue: View this record in Classic Catalogue
LEADER 01291nam a2200277 a 4500
001 12725288
003 BD-DhAAL
005 20250417105519.0
008 090614s2003 enka b 001 0 eng d
010 |a  2002025033 
020 |a 0195147405 (cloth : alk. paper) 
040 |a DLC  |c DLC  |d DLC  |d BD-DhAAL 
082 0 0 |a 362.1/969792  |2 21 
245 0 0 |a Dawning answers :  |b how the HIV/AIDS epidemic has helped to strengthen public health /  |c edited by Ronald O. Valdiserri. 
260 |a Oxford ;  |a New York :  |b Oxford University Press,  |c c2003. 
300 |a xiv, 209 pages :  |b illustrations ;  |c 25 cm. 
504 |a Includes bibliographical references and index. 
526 |x Salim khan Sr. program Associate James P. Grant School. Course name and no. N/A 
541 1 |a Karim International  |e 00018577 
650 0 |a AIDS (Disease). 
650 0 |a Public health. 
700 1 |a Valdiserri, Ronald O.,  |d 1951-  |9 58035 
852 4 |a Ayesha Abed Library  |j General Shelf.  
942 |2 ddc  |c BK 
999 |c 2010  |d 2010 
952 |0 0  |1 0  |2 ddc  |4 0  |6 362_196979200000000_DAW_2003  |7 0  |9 1847  |a BRACUL  |b BRACUL  |c GEN  |d 2009-07-05  |e Karim International  |g 2860.00  |l 0  |o 362.1969792 DAW  |p 3010018577  |r 2009-07-05  |t 1  |w 2009-07-05  |y BK  |x Requisitioned by Salim khan, Sr. program Associate, James P. Grant School. Course name and no. N/A